[Event "PRO League Group Stage"]
[Site "chess.com INT"]
[Date "2018.01.25"]
[Round "2"]
[White "Sevian, Samuel"]
[Black "Wang, Yue"]
[Result "0-1"]
[WhiteTitle "GM"]
[BlackTitle "GM"]
[WhiteElo "2614"]
[BlackElo "2690"]
[WhiteTeam "San Diego Surfers"]
[BlackTeam "Chengdu Pandas"]
[WhiteFideId "2040506"]
[BlackFideId "8601429"]
[EventDate "2018.01.18"]

1. e4 c5 2. Nf3 e6 3. d4 cxd4 4. Nxd4 Nc6 5. Nc3 Qc7 6. Be2 Nf6 7. O-O Be7 8.
Be3 O-O 9. f4 d6 10. Kh1 Nxd4 11. Qxd4 b6 12. Rad1 Bb7 13. f5 e5 14. Qd3 Rfd8
15. Bf3 Rac8 16. Bg5 Qc4 17. Qe3 Qb4 18. Qc1 Qc5 19. a3 Kf8 20. Qd2 h6 21. Bh4
Nh7 22. Bf2 Qc4 23. Qe1 Qc7 24. Qe2 Qc4 25. Qe1 Qc7 26. Qe2 Ng5 27. Bh4 Nxf3 28.
Bxe7+ Qxe7 29. Rxf3 Qh4 30. f6 g6 31. Rdf1 Qg4 32. Qe3 Qg5 33. Qd3 h5 34. Rg3
Qh6 35. h4 Kg8 36. Rg5 Bc6 37. Rf2 Rd7 38. Rd2 Qh8 39. Qf3 Re8 40. Rf2 Re6 41.
Nd5 Bxd5 42. exd5 Re8 43. Qe4 Rc7 44. c3 Rec8 45. g3 Rc4 46. Qe2 Qh6 47. Rff5
Kf8 48. Rf2 Ke8 49. Kh2 Kd7 50. Qf1 R8c7 51. Qh3+ Kd8 52. Rg2 Qh8 53. Rf2 R7c5
54. Qf1 Qe8 55. Qd3 Rg4 56. Rxg4 hxg4 57. b4 Rc7 58. c4 e4 59. Qd4 Qe5 60. Qe3
Rxc4 61. Qh6 e3 62. Qf8+ Qe8 63. Qxd6+ Kc8 64. Re2 Kb7 65. Qe7+ Qxe7 66. fxe7
Re4 67. b5 Kc7 68. Kg2 Kd6 69. Kf1 Rxe7 70. Rc2 e2+ 71. Ke1 Kxd5 72. Rc6 Kd4 73.
a4 Ke3 74. Rc3+ Kd4 75. Rc6 Re4 76. Rf6 Ke3 77. Rxf7 Rxa4 78. Re7+ Kf3 79. Rf7+
Kxg3 80. Kxe2 Kxh4 81. Rg7 Kg3 82. Rxg6 Rb4 83. Rg5 Kg2 84. Ke3 g3 85. Ke2 Rb2+
86. Ke3 Rb3+ 87. Ke2 Kg1 88. Rg7 g2 89. Rxa7 Rxb5 90. Rh7 Re5+ 91. Kd2 Kf2 92.
Rf7+ Kg3 93. Rg7+ Kf3 94. Rf7+ Kg4 0-1

[Event "PRO League Group Stage"]
[Site "chess.com INT"]
[Date "2018.01.25"]
[Round "2"]
[White "Skoberne, Jure"]
[Black "Meier, Georg"]
[Result "1/2-1/2"]
[WhiteTitle "GM"]
[BlackTitle "GM"]
[WhiteElo "2553"]
[BlackElo "2647"]
[WhiteTeam "Ljubljana Turtles"]
[BlackTeam "Stockholm Snowballs"]
[WhiteFideId "14604299"]
[BlackFideId "4675789"]
[EventDate "2018.01.18"]

1. d4 Nf6 2. Nf3 d5 3. Bf4 e6 4. e3 Bd6 5. Bg3 c5 6. Nbd2 Qc7 7. dxc5 Qxc5 8.
Nb3 Qc7 9. Bxd6 Qxd6 10. c4 Nc6 11. a3 O-O 12. cxd5 Qxd5 13. Qc2 Rd8 14. Bc4 Qe4
15. Qe2 Ne5 16. Nxe5 Qxe5 17. O-O Bd7 18. Nd4 Rac8 19. Rfc1 Rc7 20. Rc2 h6 21.
Rac1 Rdc8 22. h3 Ba4 23. Bb3 Bxb3 24. Nxb3 Ne4 25. Nd4 a6 26. Rxc7 Rxc7 27. Rc4
Rxc4 28. Qxc4 Nd6 29. Qc7 Qd5 30. Qd8+ Kh7 31. Nf3 Qd1+ 32. Kh2 Qd5 33. Kg1 Qd1+
34. Kh2 Qd5 35. Qd7 Kg8 36. Qd8+ Kh7 37. Qd7 Kg8 38. Qd8+ Kh7 39. Qd7 1/2-1/2

[Event "PRO League Group Stage"]
[Site "chess.com INT"]
[Date "2018.01.25"]
[Round "2"]
[White "Skoberne, Jure"]
[Black "Agrest, Inna"]
[Result "1-0"]
[WhiteTitle "GM"]
[BlackTitle "WIM"]
[WhiteElo "2553"]
[BlackElo "2280"]
[WhiteTeam "Ljubljana Turtles"]
[BlackTeam "Stockholm Snowballs"]
[WhiteFideId "14604299"]
[BlackFideId "1708830"]
[EventDate "2018.01.18"]

1. Nf3 Nf6 2. g3 g6 3. b3 Bg7 4. Bb2 O-O 5. Bg2 d6 6. d4 a5 7. O-O Nc6 8. d5 Nb4
9. c4 e5 10. dxe6 Bxe6 11. Nd4 Bc8 12. Nc3 c6 13. a3 Na6 14. Qc2 Qe7 15. Rad1
Nc5 16. b4 axb4 17. axb4 Ne6 18. Nf3 Nc7 19. b5 Bf5 20. Qd2 Rfd8 21. bxc6 bxc6
22. Nd4 Bd7 23. Nxc6 Bxc6 24. Bxc6 Rab8 25. Nb5 Nxb5 26. cxb5 d5 27. Bd4 Qe6 28.
f3 h5 29. Qe3 Rd6 30. Qxe6 Rxe6 31. Kf2 Re7 32. Bxf6 Bxf6 33. Rxd5 Ra7 34. Rfd1
Ra2 35. R1d2 Ra1 36. e4 Rb1 37. f4 h4 38. e5 Be7 39. Rd7 Bc5+ 40. Kf3 Rf1+ 41.
Kg4 hxg3 42. hxg3 Rg1 43. Rc2 Bb6 44. Bd5 Rf8 45. Rc6 Bf2 46. Kf3 Bxg3 47. Rxg6+
Kh7 48. Rxg3 1-0

[Event "PRO League Group Stage"]
[Site "chess.com INT"]
[Date "2018.01.25"]
[Round "2"]
[White "Hauge, Lars Oskar"]
[Black "Grover, Sahaj"]
[Result "1-0"]
[WhiteTitle "IM"]
[BlackTitle "GM"]
[WhiteElo "2436"]
[BlackElo "2484"]
[WhiteTeam "Oslo Trolls"]
[BlackTeam "Delhi Dynamite"]
[WhiteFideId "1509276"]
[BlackFideId "5021103"]
[EventDate "2018.01.18"]

1. d4 Nf6 2. Bf4 e6 3. e3 b6 4. Nf3 Bb7 5. Bd3 c5 6. O-O cxd4 7. exd4 d6 8. c4
Be7 9. Nc3 O-O 10. Re1 a6 11. Rc1 Nbd7 12. Bb1 Re8 13. h3 Nf8 14. Bh2 Ra7 15. d5
e5 16. b4 Qd7 17. Nd2 b5 18. f4 Rc8 19. fxe5 dxe5 20. c5 Nxd5 21. Bxe5 Nxb4 22.
Nde4 Qxd1 23. Rcxd1 Bxe4 24. Nxe4 Ne6 25. a3 Nc6 26. Bd6 Na5 27. Ba2 Nc4 28.
Bxc4 bxc4 29. Bxe7 Rxe7 30. Rc1 Kf8 31. Rxc4 Ng5 32. Re2 Rce8 33. Nxg5 Rxe2 34.
Nxh7+ Ke7 35. Ng5 Rb8 36. Nf3 Rbb2 37. Rg4 g6 38. Nd4 Re1+ 39. Kh2 Kd7 40. h4
Re5 41. Rf4 f5 42. c6+ Kc7 43. h5 gxh5 44. Nxf5 Kxc6 45. Nd4+ Kd5 46. Nf3 Ree2
47. Nh4 Re4 48. Rf5+ Re5 49. Rf6 a5 50. Ra6 Kc4 51. Nf3 Rc5 52. Re6 Ra2 53. Re3
Kb5 54. Ne1 Kc4 55. Nf3 Rd5 56. Re4+ Kc5 57. Re3 a4 58. Kh3 Rb2 59. Kh2 Kb5 60.
Re8 1-0

[Event "PRO League Group Stage"]
[Site "chess.com INT"]
[Date "2018.01.25"]
[Round "2"]
[White "Hauge, Lars Oskar"]
[Black "Vaibhav, Suri"]
[Result "0-1"]
[WhiteTitle "IM"]
[BlackTitle "GM"]
[WhiteElo "2436"]
[BlackElo "2542"]
[WhiteTeam "Oslo Trolls"]
[BlackTeam "Delhi Dynamite"]
[WhiteFideId "1509276"]
[BlackFideId "5045185"]
[EventDate "2018.01.18"]

1. d4 Nf6 2. Nf3 d5 3. Bf4 Bf5 4. e3 e6 5. c4 Bxb1 6. Qxb1 Bb4+ 7. Kd1 Bd6 8.
Bxd6 Qxd6 9. cxd5 exd5 10. Bd3 O-O 11. Ke2 Nbd7 12. b4 a5 13. b5 c5 14. bxc6
bxc6 15. Rd1 c5 16. dxc5 Nxc5 17. Kf1 Rfc8 18. Bf5 Rc7 19. Rd4 Ne6 20. Rd2 Rac8
21. Qd1 g6 22. Bxe6 fxe6 23. Rb2 Ne4 24. Kg1 a4 25. Nd4 Qa3 26. Nxe6 Qxb2 27.
Nxc7 Rxc7 28. Qxd5+ Kg7 29. Rf1 Nf6 30. Qd6 Rd7 31. Qc6 a3 32. g4 h6 33. h4 Qe2
34. g5 hxg5 35. hxg5 Qg4+ 36. Qg2 Qxg2+ 37. Kxg2 Ne4 38. Rb1 Nxg5 39. Rb3 Ra7
40. f3 Ne6 41. Kf2 Kf6 42. Rc3 g5 43. Ke2 Ke5 44. Kd3 Ra6 45. Kc2 Kd5 46. Kb3
Nc5+ 47. Kb4 Rb6+ 48. Ka5 Rb2 49. Rxa3 Kc4 0-1

[Event "PRO League Group Stage"]
[Site "chess.com INT"]
[Date "2018.01.25"]
[Round "2"]
[White "Della Morte, German"]
[Black "Flores Rios, Mauricio"]
[Result "0-1"]
[WhiteTitle "IM"]
[BlackTitle "GM"]
[WhiteElo "2353"]
[BlackElo "2529"]
[WhiteTeam "Buenos Aires Krakens"]
[BlackTeam "Minnesota Blizzard"]
[WhiteFideId "113522"]
[BlackFideId "3408027"]
[EventDate "2018.01.18"]

1. e4 e5 2. Nf3 Nc6 3. Bc4 Bc5 4. c3 Nf6 5. d3 O-O 6. O-O d6 7. a4 a6 8. h3 h6
9. Re1 Be6 10. Bxe6 fxe6 11. Be3 Bxe3 12. Rxe3 Qe8 13. d4 exd4 14. cxd4 Nh5 15.
d5 Nd8 16. e5 dxe5 17. Nxe5 Nf4 18. Nc3 Nf7 19. Qg4 Ng5 20. Rae1 Rd8 21. dxe6
Qxe6 22. Qxe6+ Ngxe6 23. g3 Nxh3+ 24. Kg2 Nhg5 25. f4 Rd2+ 26. R1e2 Rxe2+ 27.
Rxe2 Nxf4+ 28. gxf4 Rxf4 29. Nd5 Rxa4 30. Nxc7 h5 31. Nd5 Ne6 32. Kg3 Kh7 33.
Nf3 Rg4+ 34. Kf2 Nc5 35. Re7 Kh6 36. Ne3 Re4 37. Nf5+ Kg6 38. Rxg7+ Kf6 39. Rg5
Rf4 40. Nh4 Rxf3+ 41. Nxf3 Ne4+ 42. Ke3 Nxg5 43. Nd4 h4 44. Kf2 Ke5 45. Nb3 Kd5
46. Nc1 Kc4 47. Ne2 Kb3 48. Nd4+ Kxb2 49. Nf5 h3 50. Nd6 b5 0-1

[Event "PRO League Group Stage"]
[Site "chess.com INT"]
[Date "2018.01.25"]
[Round "2"]
[White "Della Morte, German"]
[Black "Gurevich, Daniel"]
[Result "0-1"]
[WhiteTitle "IM"]
[BlackTitle "IM"]
[WhiteElo "2353"]
[BlackElo "2483"]
[WhiteTeam "Buenos Aires Krakens"]
[BlackTeam "Minnesota Blizzard"]
[WhiteFideId "113522"]
[BlackFideId "2044676"]
[EventDate "2018.01.18"]

1. e4 c6 2. d4 d5 3. e5 Bf5 4. Nf3 e6 5. Be2 Ne7 6. O-O c5 7. Na3 Be4 8. c4 Nbc6
9. dxc5 Ng6 10. Be3 Be7 11. Nd2 Bxg2 12. Kxg2 d4 13. Ne4 dxe3 14. f4 O-O 15. Qb3
Qd4 16. Qc2 Nb4 17. Qb1 a6 18. Kh1 Qd7 19. Qe1 Qd4 20. Qxb4 Qxe4+ 21. Bf3 Qxf4
22. Bxb7 Qxe5 23. Bxa8 Rxa8 24. Qb7 Rb8 25. Qf3 f5 26. b3 Bxc5 27. Nc2 Bd6 28.
Qh3 e2 29. Rf3 Qe4 30. Ne1 Nh4 31. Rc1 Bb4 32. Kg1 Bc5+ 33. Kh1 Bf2 34. Rc3 Bxe1
35. Re3 Qb1 0-1

[Event "PRO League Group Stage"]
[Site "chess.com INT"]
[Date "2018.01.25"]
[Round "2"]
[White "Abhishek, Kelkar"]
[Black "Hammer, Jon Ludvig"]
[Result "0-1"]
[WhiteTitle "IM"]
[BlackTitle "GM"]
[WhiteElo "2378"]
[BlackElo "2621"]
[WhiteTeam "Mumbai Movers"]
[BlackTeam "Norway Gnomes"]
[WhiteFideId "5019257"]
[BlackFideId "1503707"]
[EventDate "2018.01.18"]

1. d4 Nf6 2. c4 e6 3. Nf3 d5 4. Nc3 Bb4 5. Qa4+ Nc6 6. e3 O-O 7. Bd2 dxc4 8.
Bxc4 Bd6 9. O-O e5 10. d5 Ne7 11. e4 a6 12. Qc2 Bg4 13. Be2 c6 14. Bg5 cxd5 15.
exd5 Nd7 16. Rad1 h6 17. Bh4 f5 18. h3 Bxf3 19. Bxf3 e4 20. Be2 Rc8 21. f4 Qc7
22. Qd2 Ng6 23. Bg3 Nf6 24. Bh2 Bb4 25. g4 Rfd8 26. Kh1 Bxc3 27. bxc3 Qxc3 28.
Qxc3 Rxc3 29. g5 Nxd5 30. Rd4 Nge7 31. Rfd1 Rdc8 32. Rxd5 Nxd5 33. Rxd5 Rxh3 34.
Kg2 Rxh2+ 35. Kxh2 Rc2 36. g6 Rxe2+ 37. Kg3 Kf8 38. Rxf5+ Ke8 39. Rf7 Rxa2 40.
Rxb7 Ra3+ 41. Kg2 Rf3 42. Rxg7 Rxf4 43. Kg3 Rf6 44. Kg4 e3 45. Rg8+ Ke7 46. Rg7+
Kf8 47. Ra7 e2 48. g7+ Kg8 0-1

[Event "PRO League Group Stage"]
[Site "chess.com INT"]
[Date "2018.01.25"]
[Round "2"]
[White "Abhishek, Kelkar"]
[Black "Hansen, Torbjorn Ringdal"]
[Result "0-1"]
[WhiteTitle "IM"]
[BlackTitle "GM"]
[WhiteElo "2378"]
[BlackElo "2410"]
[WhiteTeam "Mumbai Movers"]
[BlackTeam "Norway Gnomes"]
[WhiteFideId "5019257"]
[BlackFideId "1501720"]
[EventDate "2018.01.18"]

1. d4 Nf6 2. c4 g6 3. Nc3 Bg7 4. e4 d6 5. Nge2 Nbd7 6. Ng3 a6 7. h4 c5 8. d5 h5
9. Bg5 b5 10. cxb5 Qa5 11. a4 O-O 12. Qc2 Ne5 13. b6 Qxb6 14. a5 Qb4 15. Ra4 Qb7
16. Be2 Bd7 17. Ra2 Bb5 18. O-O Rfb8 19. f4 Neg4 20. Nxb5 axb5 21. f5 c4 22.
fxg6 fxg6 23. b4 Qa7+ 24. Kh1 Nf2+ 25. Rxf2 Qxf2 26. Kh2 Nh7 27. e5 Nxg5 28.
Qxg6 Qf4 29. Bg4 Qxg4 30. hxg5 Qh4+ 31. Kg1 Qxg3 32. e6 Rf8 0-1

[Event "PRO League Group Stage"]
[Site "chess.com INT"]
[Date "2018.01.25"]
[Round "2"]
[White "Tiglon, Bryce"]
[Black "Khachiyan, Melikset"]
[Result "1/2-1/2"]
[WhiteTitle "IM"]
[BlackTitle "GM"]
[WhiteElo "2385"]
[BlackElo "2522"]
[WhiteTeam "Seattle Sluggers"]
[BlackTeam "Las Vegas Desert Rats"]
[WhiteFideId "2087456"]
[BlackFideId "13300512"]
[EventDate "2018.01.18"]

1. e4 d6 2. d4 Nf6 3. Nc3 e5 4. dxe5 dxe5 5. Qxd8+ Kxd8 6. Bc4 Be6 7. Bxe6 fxe6
8. f3 Nc6 9. Be3 b6 10. Nh3 h6 11. Nf2 Kc8 12. Ne2 Kb7 13. O-O-O Be7 14. c3 a5
15. Kc2 Raf8 16. Ng3 Kc8 17. h4 g6 18. h5 Rfg8 19. Rdg1 Nd8 20. hxg6 Rxg6 21.
Nh5 Nd7 22. Ng4 Nf7 23. Kd2 Nd6 24. Ke2 Nxe4 25. Nxh6 Bc5 26. fxe4 Bxe3 27. Kxe3
Rgxh6 28. Ng3 Nc5 29. b3 Rxh1 30. Nxh1 Rd8 31. Nf2 Rg8 32. g4 Kd7 33. Rh1 Rg7
34. Rg1 Ke7 35. g5 Rh7 36. Rg3 Nd7 37. Ng4 Rg7 38. Nh2 Rh7 39. Nf3 Kf8 40. Rg2
Kg7 41. Kf2 Rh1 42. Kg3 Nc5 43. Re2 Nd3 44. Rd2 Nc5 45. Re2 Nd3 46. Rd2 Nc5 47.
Re2 Nd3 1/2-1/2

[Event "PRO League Group Stage"]
[Site "chess.com INT"]
[Date "2018.01.25"]
[Round "2"]
[White "Tiglon, Bryce"]
[Black "Paikidze, Nazi"]
[Result "0-1"]
[WhiteTitle "IM"]
[BlackTitle "IM"]
[WhiteElo "2385"]
[BlackElo "2352"]
[WhiteTeam "Seattle Sluggers"]
[BlackTeam "Las Vegas Desert Rats"]
[WhiteFideId "2087456"]
[BlackFideId "13603620"]
[EventDate "2018.01.18"]

1. e4 c6 2. d4 d5 3. e5 Bf5 4. Nf3 e6 5. Be2 Ne7 6. c3 Nd7 7. O-O Bg4 8. Na3 Nf5
9. Nc2 Be7 10. h3 Bxf3 11. Bxf3 Qc7 12. Bg4 g6 13. Bxf5 gxf5 14. Qh5 Nf8 15. f4
Rg8 16. Kh1 Qd7 17. Ne3 Rg3 18. Kh2 Rg6 19. g4 fxg4 20. hxg4 O-O-O 21. f5 exf5
22. gxf5 Rg5 23. Qxf7 Ng6 24. Ng2 Rh5+ 25. Kg1 Rf8 26. Qg7 Rhxf5 27. Be3 Rxf1+
28. Rxf1 Rxf1+ 29. Kxf1 Qh3 30. Bf2 Nf4 31. Qg3 Qxg3 32. Bxg3 Nd3 33. b4 Bg5 34.
Ke2 Nc1+ 35. Kd1 Nxa2 36. Be1 b6 37. Kc2 a5 38. bxa5 bxa5 39. Bd2 Bxd2 40. Kxd2
a4 41. Kc2 a3 42. Ne3 h5 43. Nd1 h4 44. Kb1 Nxc3+ 45. Nxc3 h3 46. Ne2 c5 47.
dxc5 d4 48. Ng3 d3 49. Nf1 d2 0-1

[Event "PRO League Group Stage"]
[Site "chess.com INT"]
[Date "2018.01.25"]
[Round "2"]
[White "Cori, Jorge"]
[Black "Fedoseev, Vladimir3"]
[Result "1-0"]
[WhiteTitle "GM"]
[BlackTitle "GM"]
[WhiteElo "2660"]
[BlackElo "2724"]
[WhiteTeam "Webster Windmills"]
[BlackTeam "Saint Louis Arch Bishops"]
[WhiteFideId "3802272"]
[BlackFideId "24130737"]
[EventDate "2018.01.18"]

1. d4 d5 2. c4 c6 3. Nf3 Nf6 4. e3 Bf5 5. Nc3 a6 6. Nh4 Bc8 7. b3 e5 8. Nf3 e4
9. Nd2 Bd6 10. c5 Bc7 11. h3 Nbd7 12. b4 Nf8 13. Nb3 h5 14. a4 Rh6 15. Bd2 Ne6
16. b5 Kf8 17. b6 Bb8 18. Qc2 h4 19. O-O-O Nh5 20. Be2 Qg5 21. Rdg1 Rf6 22. Rf1
Nd8 23. Qd1 Rh6 24. Bxh5 Rxh5 25. f3 Qg6 26. f4 Bf5 27. Na5 Rh7 28. Rfg1 Qe6 29.
g4 hxg3 30. Rxg3 Qe7 31. Ne2 Ne6 32. Nb3 g5 33. Qf1 gxf4 34. exf4 Ng7 35. Be3
Bg6 36. Rg5 Nf5 37. Kd2 Qf6 38. Qf2 a5 39. h4 Bh5 40. Ng3 Nxe3 41. Nxh5 Nc4+ 42.
Kc3 Qh8 43. Ng3 Rxh4 44. Rh5 Rxh1 45. Rxh1 Qf6 46. Nh5 Qg6 47. Qh4 Bd6 48. cxd6
Nxd6 49. Nc5 Nf5 50. Qg5 Qxg5 51. fxg5 Nd6 52. Nf4 Kg7 53. Rh6 Nc4 54. Nh5+ Kg8
55. Nf6+ Kg7 56. Nh5+ Kg8 57. Nxb7 Nxb6 58. Nc5 Re8 59. Nf6+ 1-0

[Event "PRO League Group Stage"]
[Site "chess.com INT"]
[Date "2018.01.25"]
[Round "2"]
[White "Cori, Jorge"]
[Black "Zherebukh, Yaroslav"]
[Result "1/2-1/2"]
[WhiteTitle "GM"]
[BlackTitle "GM"]
[WhiteElo "2660"]
[BlackElo "2636"]
[WhiteTeam "Webster Windmills"]
[BlackTeam "Saint Louis Arch Bishops"]
[WhiteFideId "3802272"]
[BlackFideId "14116804"]
[EventDate "2018.01.18"]

1. d4 Nf6 2. Nf3 g6 3. c4 Bg7 4. Nc3 d5 5. cxd5 Nxd5 6. g3 c5 7. Bg2 cxd4 8.
Nxd4 Nxc3 9. bxc3 O-O 10. O-O Nc6 11. Nxc6 bxc6 12. Ba3 Ba6 13. Qxd8 Rfxd8 14.
Bxe7 Rd2 15. Rfd1 Rxd1+ 16. Rxd1 Bxe2 17. Rd7 Bb5 18. Rb7 a6 19. c4 Bxc4 20.
Bxc6 Rc8 21. Bd7 Ra8 22. a4 Bd5 23. Rb1 h5 24. Bg5 Ra7 25. Bc8 a5 26. Be3 Ra8
27. Bd7 Rd8 28. Bb5 Be4 29. Re1 Bc3 30. Bb6 Bxe1 31. Bxd8 Bf3 32. h3 Kg7 33. Bd7
f5 34. Be8 Bd2 35. h4 Bc3 36. Bc7 Kf6 37. Bd8+ Kg7 38. Kf1 Kh7 39. Be7 Kg7 40.
Bg5 Kh7 41. Bb5 Kg7 42. Be2 Bc6 43. Bd1 Bd5 44. Ke2 Bc4+ 45. Ke3 Kf7 46. Be2
Bxe2 47. Kxe2 Ke6 48. Kd3 Be1 49. Be3 Kd5 50. Bb6 Bb4 51. Ke3 Bc5+ 52. Bxc5 Kxc5
53. Kd3 Kb4 54. Kd4 Kxa4 55. Kc4 Ka3 56. Kc3 Ka2 57. Kc2 Ka1 58. Kc1 Ka2 59. Kc2
Ka3 60. Kc3 a4 61. f3 Ka2 62. Kc2 Ka1 63. Kc1 Ka2 64. Kc2 Ka3 65. Kc3 Ka2 66.
Kc2 Ka3 67. Kc3 Ka2 68. Kc2 Ka1 69. Kc1 Ka2 70. Kc2 1/2-1/2

[Event "PRO League Group Stage"]
[Site "chess.com INT"]
[Date "2018.01.25"]
[Round "2"]
[White "Cornette, Deimante"]
[Black "Bacrot, Etienne"]
[Result "0-1"]
[WhiteTitle "IM"]
[BlackTitle "GM"]
[WhiteElo "2439"]
[BlackElo "2722"]
[WhiteTeam "Cannes Blockbusters"]
[BlackTeam "Marseille Migraines"]
[WhiteFideId "12802859"]
[BlackFideId "605506"]
[EventDate "2018.01.18"]

1. e4 c6 2. d4 d5 3. Nd2 dxe4 4. Nxe4 Nd7 5. Ng5 Ngf6 6. Bc4 e6 7. Qe2 Nb6 8.
Bb3 h6 9. N5f3 Be7 10. Nh3 g5 11. Ne5 Qxd4 12. O-O Qe4 13. Qxe4 Nxe4 14. f4 f6
15. Nd3 Nc5 16. Nxc5 Bxc5+ 17. Kh1 Rf8 18. Nf2 Nd5 19. Ne4 Be7 20. fxg5 hxg5 21.
c4 Nc7 22. Be3 e5 23. Rad1 Ne6 24. c5 Nf4 25. g3 Nd5 26. Bxd5 cxd5 27. Rxd5 Bd7
28. Nd6+ Bxd6 29. Rxd6 Bc6+ 30. Kg1 Ke7 31. Rfd1 a6 32. b3 Rg8 33. Rf1 Raf8 34.
Re1 Rd8 35. Red1 Rxd6 36. cxd6+ Kd7 37. Kf2 f5 38. Bc5 f4 39. gxf4 gxf4 40. Rg1
Rh8 41. Rg7+ Ke6 42. Re7+ Kd5 43. Kg1 Kxc5 44. Rxe5+ Kxd6 0-1

[Event "PRO League Group Stage"]
[Site "chess.com INT"]
[Date "2018.01.25"]
[Round "2"]
[White "Cornette, Deimante"]
[Black "Gozzoli, Yannick"]
[Result "0-1"]
[WhiteTitle "IM"]
[BlackTitle "GM"]
[WhiteElo "2439"]
[BlackElo "2565"]
[WhiteTeam "Cannes Blockbusters"]
[BlackTeam "Marseille Migraines"]
[WhiteFideId "12802859"]
[BlackFideId "616915"]
[EventDate "2018.01.18"]

1. e4 e5 2. Nf3 Nc6 3. Bb5 a6 4. Ba4 Nf6 5. d3 d6 6. c4 Be7 7. h3 O-O 8. O-O Nd4
9. Nxd4 exd4 10. f4 Rb8 11. Nd2 b5 12. Bb3 c5 13. Nf3 bxc4 14. Bxc4 d5 15. exd5
Nxd5 16. Ne5 Qd6 17. Qh5 Be6 18. Qe2 Bf6 19. Ng4 Bxg4 20. hxg4 Rfe8 21. Qf3 Ne3
22. Bxe3 dxe3 23. Rab1 e2 24. Rfe1 Bd4+ 25. Kh1 Re3 26. Qd5 Qxf4 27. Qf5 Qxf5
28. gxf5 Kf8 29. g4 a5 30. a4 Ke7 31. Kg2 Kf6 32. Bb5 Kg5 33. Rbc1 Rb7 34. Rc2
Rbe7 35. Bc6 Rxd3 36. Rcxe2 Rxe2+ 37. Rxe2 Kxg4 38. Re7 Rd2+ 39. Kf1 Rxb2 40.
Bd7 Bf6 41. Rxf7 Kg3 42. Be6 h5 43. Rc7 Bd4 44. Ra7 h4 45. Rxa5 h3 46. Bd5 Rf2+
47. Ke1 Bc3+ 0-1

[Event "PRO League Group Stage"]
[Site "chess.com INT"]
[Date "2018.01.25"]
[Round "2"]
[White "Van der Lende, Ilias"]
[Black "Tan, Justin2"]
[Result "0-1"]
[WhiteTitle "FM"]
[BlackTitle "IM"]
[WhiteElo "2332"]
[BlackElo "2466"]
[WhiteTeam "Amsterdam Mosquitoes"]
[BlackTeam "London Lions"]
[WhiteFideId "1019260"]
[BlackFideId "3206882"]
[EventDate "2018.01.18"]

1. d4 Nf6 2. c4 e6 3. Nc3 Bb4 4. e3 O-O 5. Bd3 c5 6. Ne2 cxd4 7. exd4 d5 8. cxd5
Nxd5 9. O-O Nc6 10. Nxd5 exd5 11. Be3 Bd6 12. Nf4 Bxf4 13. Bxf4 Qf6 14. Be3 Bf5
15. Rc1 a6 16. Rc5 Rad8 17. Bxf5 Qxf5 18. Qb3 Rd7 19. Rfc1 h5 20. Qd1 Re8 21. a3
Re4 22. b4 h4 23. b5 axb5 24. Rxb5 h3 25. g3 Rde7 26. Rbb1 Qe6 27. Qd3 f5 28.
Qf1 f4 29. Bxf4 Rxf4 30. gxf4 Qg4+ 31. Kh1 Qf3+ 32. Kg1 Re6 33. f5 Re4 0-1

[Event "PRO League Group Stage"]
[Site "chess.com INT"]
[Date "2018.01.25"]
[Round "2"]
[White "Van der Lende, Ilias"]
[Black "Le Roux, Jean-Pierre"]
[Result "0-1"]
[WhiteTitle "FM"]
[BlackTitle "GM"]
[WhiteElo "2332"]
[BlackElo "2554"]
[WhiteTeam "Amsterdam Mosquitoes"]
[BlackTeam "London Lions"]
[WhiteFideId "1019260"]
[BlackFideId "609404"]
[EventDate "2018.01.18"]

1. d4 Nf6 2. Nf3 b6 3. c4 Bb7 4. Nc3 g6 5. e3 Bg7 6. Be2 O-O 7. O-O d5 8. b3 c5
9. Bb2 cxd4 10. exd4 Nc6 11. Re1 Rc8 12. Ne5 dxc4 13. Nxc6 Bxc6 14. bxc4 Bb7 15.
Bf1 e6 16. Qa4 Bc6 17. Qb3 Ng4 18. h3 Nxf2 19. Kxf2 Bxd4+ 20. Ke2 Qh4 21. Nd1
Qh5+ 22. Kd3 Rfd8 23. Bxd4 Qc5 24. Qb2 e5 25. Ne3 exd4 26. Ng4 Qf5+ 27. Kd2 Qf4+
28. Kd3 Qf5+ 29. Kd2 Qg5+ 30. Kd3 Bd7 31. Kc2 Bf5+ 32. Kb3 Bxg4 33. hxg4 Qxg4
34. Rad1 a6 35. a4 b5 36. axb5 axb5 37. c5 Rxc5 38. Rc1 Qg3+ 39. Kb4 Rc3 40.
Rcd1 Qd6+ 41. Kxb5 Rb8+ 42. Ka4 Rxb2 0-1

[Event "PRO League Group Stage"]
[Site "chess.com INT"]
[Date "2018.01.25"]
[Round "2"]
[White "Ehlvest, Jaan"]
[Black "Abdusattorov, Nodirbek"]
[Result "1-0"]
[WhiteTitle "GM"]
[BlackTitle "IM"]
[WhiteElo "2536"]
[BlackElo "2516"]
[WhiteTeam "Estonia Horses"]
[BlackTeam "Volga Stormbringers"]
[WhiteFideId "4500016"]
[BlackFideId "14204118"]
[EventDate "2018.01.18"]

1. c4 Nf6 2. Nf3 e6 3. g3 d5 4. Bg2 dxc4 5. Qc2 Nbd7 6. Qxc4 a6 7. Qc2 Be7 8.
O-O O-O 9. Nc3 c5 10. a4 Qa5 11. d3 Bd6 12. Nd2 Ne5 13. Nde4 Nxe4 14. Nxe4 Be7
15. Be3 Bd7 16. Bxc5 Bxc5 17. Qxc5 Qxc5 18. Nxc5 Bc6 19. d4 Bxg2 20. Kxg2 Nc6
21. e3 Rfc8 22. Rfc1 b6 23. Nd7 Ne7 24. Nxb6 Rxc1 25. Rxc1 Rb8 26. a5 Rb7 27. e4
Kf8 28. f3 Ke8 29. Kf2 Kd8 30. Ke3 g5 31. Kd3 h5 32. b4 g4 33. fxg4 hxg4 34. d5
exd5 35. exd5 Nf5 36. Rc8+ Ke7 37. Ra8 Rc7 38. Rxa6 Rc1 39. Nc4 Rh1 40. Ke4 Ng7
41. Ra7+ Kf6 42. Nd6 Rxh2 43. Rxf7+ Kg6 44. Rb7 Nh5 45. a6 Re2+ 46. Kd3 Ra2 47.
Ne4 Rxa6 48. Kd4 Ng7 49. Rc7 Ra1 50. Rc6+ Kf7 51. Ke5 Rd1 52. Ng5+ Ke8 53. b5
Nh5 54. b6 Re1+ 55. Kd6 Rb1 56. Rc8# 1-0

[Event "PRO League Group Stage"]
[Site "chess.com INT"]
[Date "2018.01.25"]
[Round "2"]
[White "Ehlvest, Jaan"]
[Black "Dudukin, Ilya"]
[Result "1/2-1/2"]
[WhiteTitle "GM"]
[BlackTitle "FM"]
[WhiteElo "2536"]
[BlackElo "2396"]
[WhiteTeam "Estonia Horses"]
[BlackTeam "Volga Stormbringers"]
[WhiteFideId "4500016"]
[BlackFideId "4148576"]
[EventDate "2018.01.18"]

1. c4 c5 2. g3 Nc6 3. Bg2 g6 4. Nc3 Bg7 5. a3 Nh6 6. Rb1 a5 7. Nf3 Nf5 8. d3 O-O
9. O-O e6 10. Bg5 Nfe7 11. e4 h6 12. Be3 Nd4 13. Qd2 Kh7 14. b4 axb4 15. axb4 d6
16. Bxd4 cxd4 17. Nb5 e5 18. Ra1 Ra6 19. Rfb1 f5 20. exf5 gxf5 21. Rxa6 bxa6 22.
Na3 Qb6 23. Qc2 Be6 24. Nd2 d5 25. b5 e4 26. cxd5 Nxd5 27. Nac4 Qc5 28. bxa6 Nb4
29. Nxe4 fxe4 30. Bxe4+ Bf5 31. Bxf5+ Rxf5 32. Qa4 Nc6 33. Rb7 Qd5 34. a7 Qf3
35. Rb2 Nxa7 36. Qxa7 Qd1+ 37. Kg2 Qf3+ 38. Kg1 Qd1+ 39. Kg2 Qxd3 40. Nd6 Qf3+
41. Kg1 Qd1+ 42. Kg2 Qf3+ 43. Kg1 Rf6 44. Qe7 Qd1+ 45. Kg2 Qf3+ 46. Kg1 Qd1+ 47.
Kg2 Qf3+ 48. Kg1 1/2-1/2